000 00556nam a2200193Ia 4500
005 20250508151022.0
008 008 250505s9999 xx 000 0 eng d
020 _a81-220-0731-7
037 _aTextual
040 _aFEDL
_beng
_cFEDL
041 _aeng
_2eng
084 _a745.07, SCO
_qFEDL
245 0 _aTechnical subjects in secondary schools
245 0 _cScottish Education Department
260 _aEdinburgh
_bHis Majesty's Stationery Office
_c1950
300 _a48p
942 _cTEXL
_h745.07, SCO
999 _c1327088
_d1327088